[Event "GEO chT Clubs 2017"]
[Site "Tbilisi"]
[Date "2017.12.01"]
[Round "3"]
[White "Benidze, Davit"]
[Black "Khvadagiani, Nika"]
[Result "0-1"]
[WhiteElo "2512"]
[BlackElo "2001"]
[Annotator "TA"]
[PlyCount "66"]
[EventDate "2017.??.??"]
[EventCountry "GEO"]
[SourceTitle "playchess.com"]
[Source "ChessBase"]
[SourceQuality "1"]

{[%evp 14,66,60,60,66,65,50,54,72,68,66,53,48,44,77,76,77,83,102,96,104,96,95,85,95,107,125,4,18,6,19,9,10,0,26,0,0,0,0,-418,-401,-400,-410,-395,-395,-1305,-1291,-864,-851,-29988,-4938,-4802,-4950,-1653,-870]} 1. e4 c5 2. Nf3 d6 3. c3 Nf6 4. Be2 Nbd7 5. Qc2 b6 6. d4 {B50: Sicilian: 2...d6, Miscellaneous} cxd4 7. cxd4 Bb7 8. Nc3 {LiveBook: 3 Games. White is slightly better.} e6 9. O-O Be7 10. Bd3 h6 $146 ({Predecessor:} 10... Rc8 11. Qe2 O-O 12. Bg5 d5 13. e5 {1-0 (28) Yegiazarian,A (2527)-Anastasian,A (2571) Yerevan 2000}) 11. h3 O-O 12. Be3 Rc8 13. Qe2 Re8 14. Rac1 Bf8 15. Nd2 g6 16. f4 e5 17. fxe5 dxe5 18. d5 Nh5 19. Qf3 Qe7 20. g4 ({White should try} 20. Bc4 $16 Nf4 21. Kh1) 20... Nf4 $1 $11 {[%cal Rf4d3]} 21. Bxf4 exf4 22. Qxf4 Ne5 23. Bb5 Red8 24. Nf3 Bg7 $1 {[%cal Bf8g7,Bg7e5,Be5d4,Bd4c3,Bc3e1,Be1f2][%mdl 32]} 25. Nxe5 Bxe5 26. Qxh6 $2 {[%mdl 8192] [#]} (26. Qf3 $11 {and White is okay.}) 26... Bd4+ $1 $19 27. Kh2 Qe5+ 28. Kg2 Bxc3 29. Rxf7 $2 (29. Qf4 Qxf4 30. Rxf4 Bxb2 31. Rc4) 29... Qxe4+ 30. Kg3 Be1+ 31. Kh2 Qe5+ (31... Kxf7 $142 32. Qh7+ Kf6 33. Qxg6+ Kxg6 34. Bc6 Qe2+ 35. Kg1 {[#]} Rxc6 $1 {[%mdl 512]} 36. Rxc6+ Bxc6 37. dxc6 Rd1 38. Kh1 Bh4#) 32. Rf4 Qxb2+ 33. Kg1 Bf2+ {Precision: White = 51%, Black = 59%.} 0-1

[Event "GEO chT Clubs 2017"]
[Site "Tbilisi"]
[Date "2017.12.01"]
[Round "3"]
[White "Shanava, Konstantine"]
[Black "Licheli, Luka"]
[Result "1-0"]
[WhiteElo "2512"]
[BlackElo "2028"]
[Annotator "TA"]
[PlyCount "107"]
[EventDate "2017.??.??"]
[EventCountry "GEO"]
[SourceTitle "playchess.com"]
[Source "ChessBase"]
[SourceQuality "1"]

{[%evp 20,107,30,20,45,30,92,86,108,103,103,102,99,81,97,75,102,100,107,97,106,94,137,125,139,136,183,175,171,159,183,167,195,195,193,164,281,292,304,298,281,300,296,294,241,238,360,343,340,333,337,293,781,761,868,843,799,762,935,826,769,783,687,700,940,884,1631,1563,1847,1943,1841,1826,1722,1603,1967,2047,1868,1844,2420,2310,2400,1903,2814,2602,2725,2573,5338,5029,3374,2927]} 1. e4 c6 2. Nc3 d5 3. Nf3 Bg4 4. h3 Bxf3 5. Qxf3 e6 6. d3 Nd7 7. g3 g6 {B11: Caro-Kann: Two Knights Variation} (7... Bc5 8. Bg2 Ne7 9. O-O O-O 10. Qe2 f5 11. Kh2 Bd4 12. Nd1 Nf6 13. c3 Bb6 14. e5 Nd7 15. f4 {½-½ (42) Li,R (2564)-Dreev,A (2651) chess.com INT 2017}) 8. Bg2 Bg7 9. O-O Ngf6 10. Qe2 O-O 11. f4 {LiveBook: 3 Games} Nh5 $146 ({Predecessor:} 11... Ne8 12. Kh2 Nd6 13. Bd2 f5 14. Rae1 Kh8 15. Nd1 fxe4 16. dxe4 dxe4 {½-½ (106) Krivoborodov,E (2507)-Deac,B (2394) Schwarzach 2014}) 12. Kh2 f5 (12... Bd4 $11) 13. e5 $16 Bh6 14. Bf3 Ng7 15. h4 Qe7 16. a3 Ne8 17. Nd1 {[%cal Bc3d1,Bd1f2,Bf2h3][%mdl 32]} Bg7 18. Nf2 h5 19. Nh3 Bh6 20. Be3 b6 21. c4 Rc8 22. b4 Ng7 23. Rfc1 Rfd8 24. Rc2 Nb8 25. d4 a6 26. Rac1 Qd7 27. a4 b5 (27... dxc4 {is a better defense.} 28. Qxc4 Ne8) 28. axb5 $18 axb5 29. cxb5 cxb5 30. Rxc8 Rxc8 31. Rxc8+ Qxc8 32. Qxb5 Nd7 (32... Ne8 $142 33. Be2 Nd7) 33. Bd1 {[%cal Bf3d1,Bd1a4,Ba4c6][%mdl 32]} Qc7 34. Ba4 Nb6 {Black hopes to continue with ...Qc3.} 35. Qc6 Qxc6 $2 {[#]} (35... Qb8 36. Bb5 Nc8) 36. Bxc6 {White is clearly winning.} Kf7 37. Bd2 Nc4 38. b5 {[%cal Bb4b5,Bb5b6][%mdl 32]} Ne8 39. Bb4 Nc7 40. Bd6 Ne8 41. Bc5 Na5 42. Bd7 Nb7 43. b6 Na5 44. Bb4 Nb7 45. Kg2 Nd8 46. Kf2 Nb7 47. Ke2 Nd8 48. Kd3 Nb7 49. Kc3 Nd8 50. Kb3 Nb7 51. Ka4 Nd8 52. Kb5 Nb7 53. Ka6 Nd8 54. Ka7 {Precision: White = 81%, Black = 32%.} 1-0

[Event "GEO chT Clubs 2017"]
[Site "Tbilisi"]
[Date "2017.12.01"]
[Round "3"]
[White "Beradze, Irakli"]
[Black "Bechvaia, Giorgi"]
[Result "1-0"]
[WhiteElo "2452"]
[BlackElo "1934"]
[Annotator "TA"]
[PlyCount "55"]
[EventDate "2017.??.??"]
[EventCountry "GEO"]
[SourceTitle "playchess.com"]
[Source "ChessBase"]
[SourceQuality "1"]

{[%evp 9,55,0,4,-6,-6,-17,-6,-12,-12,-11,0,-21,-4,-91,-12,-22,-19,-17,-16,-19,-8,-15,-14,-15,0,0,30,35,73,63,120,40,158,160,172,168,236,232,498,475,470,469,467,497,502,484,459,322]} 1. Nf3 d5 2. d4 Nf6 3. Bf4 e6 4. e3 Be7 5. Bd3 O-O {LiveBook: 14 Games} 6. Bg3 $146 {D02: 1 d4 d5 2 Nf3 sidelines, including 2...Nf6 3 g3 and 2...Nf6 3 Bf4} ({Predecessor:} 6. Nbd2 c5 7. c3 Qb6 8. Rb1 Bd7 9. Qe2 a6 10. O-O Bb5 11. c4 dxc4 12. Nxc4 Bxc4 13. Bxc4 cxd4 14. Nxd4 {½-½ (39) Nisipeanu,L (2683)-Bindrich,F (2590) Austria 2016}) 6... c5 7. c3 b6 8. Ne5 {The position is equal.} Bb7 9. Nd2 Nbd7 {[%cal Bb8d7,Bd7f6,Bf6e4][%mdl 32]} 10. Qb1 h6 11. f4 {[#]} (11. O-O $11) 11... Ne8 (11... Nxe5 $1 $17 12. fxe5 Ng4) 12. O-O $11 Nd6 13. Qd1 Nf6 14. Bh4 Nfe4 15. Bxe7 Qxe7 16. Nxe4 Nxe4 17. a4 {[%cal Ba2a4,Ba4a5][%mdl 32]} Nd6 18. a5 c4 19. Bc2 b5 (19... Rfc8 $14) 20. Rf3 (20. Qh5 $16) 20... a6 (20... Rfe8 $14) 21. Rh3 $16 Rfc8 22. Qg4 {[#] Hoping for Rxh6.} f5 (22... Nf5 $142) 23. Qg6 $40 {[%mdl 128] Black must now prevent Rxh6. White goes for the king.} Kf8 $2 (23... Nf7 {keeps fighting.} 24. g4 Qf6) 24. Qh7 {[%cal Rh7h8] White is clearly winning.} Ke8 25. Qg8+ Qf8 26. Qxe6+ Qe7 27. Qg6+ Kd8 28. Qxd6+ {Precision: White = 50%, Black = 26%.} 1-0

[Event "GEO chT Clubs 2017"]
[Site "Tbilisi"]
[Date "2017.12.01"]
[Round "3"]
[White "Sibashvili, Giorgi"]
[Black "Kekelidze, Mikheil"]
[Result "0-1"]
[WhiteElo "2412"]
[BlackElo "2367"]
[Annotator "TA"]
[PlyCount "90"]
[EventDate "2017.??.??"]
[EventCountry "GEO"]
[SourceTitle "playchess.com"]
[Source "ChessBase"]
[SourceQuality "1"]

{[%evp 15,90,44,62,33,22,8,9,-8,-8,-26,-14,-92,-96,-87,-80,-85,-18,-26,-36,-41,-19,-20,-13,-20,-6,-10,-15,-13,-10,-15,0,0,0,-8,0,0,0,-2,16,-18,6,0,0,0,0,0,0,0,0,0,0,0,0,-6,-7,-8,-15,-410,-408,-501,-494,-473,-481,-414,-414,-653,-652,-602,-614,-587,-543,-29968,-29969,-29969,-29970,-29968,-6110]} 1. d4 d6 2. Nf3 g6 3. c4 Bg7 4. Nc3 e5 5. dxe5 dxe5 6. Qxd8+ Kxd8 7. Bd2 f6 {A41: Moderne Verteidigung gegen 1.d4 (mit oder ohne späterem e2-e4 und Sf6)} 8. O-O-O Ke8 {LiveBook: 12 Partien} 9. e3 Be6 {Weiß steht etwas besser.} 10. Nb5 Na6 11. Bc3 $146 ({Vorgänger:} 11. Ba5 b6 12. Bc3 Ne7 13. h3 h5 14. Be2 Kf7 15. g4 hxg4 16. hxg4 Rxh1 17. Rxh1 {½-½ (32) Sanikidze,T (2530)-Dobosz,H (2409) Deizisau 2011}) 11... Nh6 12. Be2 Nf7 13. b4 (13. h4 $11) 13... Bf8 $1 $17 14. c5 c6 15. Na3 {[#]} Bxa2 (15... Nc7 $1 $17) 16. Nc4 $11 Nc7 17. Kb2 Nd5 18. Be1 Bxc4 $1 19. Bxc4 e4 20. Bxd5 cxd5 21. Nd4 Ne5 22. Ne6 Kf7 23. Nxf8 Rhxf8 24. Rxd5 Rfd8 25. Rxd8 Rxd8 {[%mdl 4096] Endspiel KTL-KTS} 26. Bc3 a6 27. Bd4 Rd5 28. Kc3 Nc6 29. Rb1 Na7 30. Kc4 Rg5 31. g3 Rf5 32. Rb2 Ke6 33. Rd2 Rd5 34. f3 exf3 35. Rf2 Nc6 {[#]} 36. Bxf6 $1 {[%mdl 8704]} Rf5 $19 (36... Kxf6 37. Kxd5) 37. Bc3 Ne5+ 38. Bxe5 Kxe5 {KT-KT} 39. Kd3 g5 {[%cal Bg6g5,Bg5g4][%mdl 32]} 40. h3 (40. h4 $142 gxh4 41. gxh4) 40... Rf7 41. e4 {[#] und wenn Ke3 ginge, stände Weiss gut.} h5 $1 42. Ke3 g4 43. Rh2 {[#]} f2 $1 {[%mdl 512] Schwarz setzt Matt.} 44. Rxf2 Rxf2 45. Kxf2 Kxe4 {Precision: Weiß = 33%, Schwarz = 69%.} (45... gxh3 $142 46. Kf3 Kd4 47. Kf2 Kxe4 48. c6 bxc6 49. Kg1 Kd4 50. Kh2 Kc4 51. Kxh3 Kxb4 52. Kh4 a5 53. Kxh5 a4 54. Kg6 a3 55. Kf7 c5 56. g4 a2 57. g5 a1=Q 58. g6 Qa2+ 59. Kf8 Qa8+ 60. Kf7 Qd5+ 61. Kf8 Qf5+ 62. Kg7 c4 63. Kh8 c3 64. g7 Qh5+ 65. Kg8 c2 66. Kf8 c1=Q 67. g8=Q Qc8+ 68. Kg7 Qg5+ 69. Kh8 Qgxg8#) 0-1

[Event "GEO chT Clubs 2017"]
[Site "Tbilisi"]
[Date "2017.12.01"]
[Round "3"]
[White "Tutisani, Noe"]
[Black "Volkov, Nika"]
[Result "1/2-1/2"]
[WhiteElo "2361"]
[BlackElo "1982"]
[Annotator "TA"]
[PlyCount "86"]
[EventDate "2017.??.??"]
[EventCountry "GEO"]
[SourceTitle "playchess.com"]
[Source "ChessBase"]
[SourceQuality "1"]

{[%evp 10,86,59,51,81,78,74,96,99,44,46,35,36,0,0,0,0,0,10,12,24,22,122,110,109,25,60,0,0,-30,260,108,133,133,135,66,73,61,66,65,82,85,85,81,77,95,106,20,77,91,85,24,79,25,22,22,50,37,50,39,41,47,50,41,68,14,10,10,10,11,25,8,8,20,31,-8,0,0,0]} 1. e4 e6 2. d4 d5 3. Nc3 dxe4 4. Nxe4 Nf6 5. Nxf6+ Qxf6 6. Nf3 {LiveBook: 100 Games} Bd7 {C10: French with 3 Nc3: Unusual Black 3rd moves and 3...dxe4} (6... h6 7. Bd3 Nc6 8. O-O Bd6 9. Re1 O-O 10. c3 e5 11. dxe5 Nxe5 12. Nxe5 Bxe5 13. Qh5 Re8 14. Be3 Bd7 15. Rad1 Ba4 16. Rd2 Rad8 17. Qf5 Qxf5 18. Bxf5 {0-1 (57) Stets,D (2436)-Galego,L (2468) Figueira da Foz 2016}) 7. Bg5 Qg6 8. Bd3 Qh5 {White is better.} 9. Qe2 $146 ({Better is} 9. Be2 $16) ({Predecessor:} 9. Be2 Bc6 10. d5 exd5 11. h4 Qg6 12. O-O Qd6 {1-0 (29) Dehaybe,A (1703)-Ling,A (1693) LSS email 2009}) 9... f6 $14 10. Bd2 Nc6 $1 11. O-O Bd6 {Threatens to win with ...Nxd4!} 12. h3 O-O-O 13. b4 g5 {[%cal Bg7g5,Bg5g4][%mdl 32]} 14. b5 Ne7 15. c4 $36 {[%cal Bc2c4,Bc4c5][%mdl 2080] Black is under pressure.} c6 (15... Bf4 $11 {keeps the balance.}) 16. c5 $16 Bc7 17. Rab1 (17. b6 $16 axb6 18. cxb6 Bxb6 19. a4) 17... Rdg8 $11 18. d5 (18. bxc6 $14 Nxc6 19. g3) 18... g4 $1 {[%cal Rg4f3]} 19. Ng5 Rxg5 $2 {[%mdl 8192]} (19... exd5 $11 20. bxc6 (20. Qxe7 gxh3 21. Rfe1 Rxg5 $19) 20... Nxc6) 20. bxc6 (20. Bxg5 $18 {is the precise move to win. bxc6 is the strong threat.} Nxd5 21. bxc6 bxc6 22. Bd2) 20... Re5 21. cxd7+ Kd8 {[#]} 22. Qxg4 (22. Be4 $1 $16 exd5 23. Rxb7 gxh3 24. Qa6 (24. Qxh5 Rxh5 25. Bf3 hxg2 $16) 24... hxg2 25. Bxg2) 22... Qxg4 $14 23. hxg4 Rxd5 24. Rb3 h5 25. g5 fxg5 26. Be3 ({Don't play} 26. Rxb7 $6 Rxd3 27. Bxg5 Rxd7 $11) 26... Nf5 27. Bxg5+ Kxd7 28. Bb5+ Kc8 29. Bc4 Rxc5 30. Bxe6+ Kb8 {[#]} 31. Rfb1 (31. Rd1 $1 $16) 31... b6 $11 32. Rd3 Ng7 33. Bd5 $1 {Strongly threatening Bf6.} Ne6 $1 {[%cal Re6g5]} 34. Be3 Nf4 35. Bxc5 {Black must now prevent Rdd1.} Nxd3 36. Be3 h4 37. a4 (37. Rd1 $14 Nc5 38. Bc4) 37... Bf4 38. Bxf4+ Nxf4 {KRB-KRN} 39. Bf3 h3 40. g3 h2+ 41. Kh1 Nd3 42. Kg2 h1=Q+ 43. Rxh1 Rxh1 {Precision: White = 52%, Black = 59%.} 1/2-1/2

[Event "GEO chT Clubs 2017"]
[Site "Tbilisi"]
[Date "2017.12.01"]
[Round "3"]
[White "Khomeriki, Nino"]
[Black "Bechvaia, Maia"]
[Result "1-0"]
[WhiteElo "2347"]
[BlackElo "1785"]
[Annotator "TA"]
[PlyCount "57"]
[EventDate "2017.??.??"]
[EventCountry "GEO"]
[SourceTitle "playchess.com"]
[Source "ChessBase"]
[SourceQuality "1"]

{[%evp 16,57,31,21,88,86,91,30,35,30,63,70,125,130,112,127,151,95,183,176,377,408,372,286,371,368,377,376,370,364,365,362,361,376,654,244,242,241,236,228,1014,1014,964,906]} 1. Nf3 d5 2. g3 Nf6 3. Bg2 g6 4. b3 Bg7 5. Bb2 O-O 6. c4 c6 7. O-O Bf5 8. d3 Qc8 9. Re1 {LiveBook: 17 Games} b5 $146 {A11: English Opening: 1...c6} (9... Rd8 $11) ({Predecessor:} 9... Rd8 10. Nbd2 Bh3 11. Bh1 Na6 12. cxd5 cxd5 13. a3 Qg4 14. Rc1 Rac8 15. Rxc8 Rxc8 16. b4 Nb8 17. Nb3 {1-0 (59) Mamedov,R (2666)-Swiercz,D (2647) Izmir 2016}) 10. cxb5 cxb5 11. Nbd2 (11. Nc3 $16) 11... Nc6 $11 {White has an edge.} 12. Rc1 {[#] Black must now prevent e4.} Qd7 13. e4 dxe4 ({Black should play} 13... Bg4 $14) 14. dxe4 $16 Bg4 {[#]} 15. h3 $1 $36 {[%mdl 2560] White is really pushing.} Be6 (15... Bxh3 16. Bxh3) 16. Qe2 (16. e5 $142 Nd5 17. Ne4) 16... Qb7 (16... Bh6 $16) 17. Ng5 $18 Rfd8 $2 (17... Qb6 18. e5 Nd5) 18. Nxe6 fxe6 19. Bxf6 exf6 20. e5 $1 {[%cal Be4e5,Be5f6][%mdl 32]} Rac8 21. exf6 Bh6 22. Qxe6+ Qf7 23. Bd5 ({Don't do} 23. Bxc6 Bxd2 24. Bd5 Qxe6 $18) ({But not} 23. Rxc6 Qxe6 24. Rexe6 Rxc6 $18) 23... Qxe6 24. Bxe6+ Kf8 $2 (24... Kh8 25. f4 Ra8) 25. Bxc8 $2 (25. f4 Rc7 26. Ne4) 25... Bxd2 26. Rxc6 Bxe1 27. Be6 {And now Rc7 would win.} b4 $2 (27... Ba5 28. b4 Bb6) 28. Rc7 Bc3 29. Rxh7 {Precision: White = 60%, Black = 29%.} 1-0

[Event "GEO chT Clubs 2017"]
[Site "Tbilisi"]
[Date "2017.12.01"]
[Round "3"]
[White "Mgeladze, Tamaz"]
[Black "Ghvamberia, Nika"]
[Result "0-1"]
[WhiteElo "2303"]
[BlackElo "2232"]
[Annotator "TA"]
[PlyCount "120"]
[EventDate "2017.??.??"]
[EventCountry "GEO"]
[SourceTitle "playchess.com"]
[Source "ChessBase"]
[SourceQuality "1"]

{[%evp 12,120,21,-19,0,0,1,3,0,-16,-6,-25,0,0,0,0,0,0,0,0,0,0,0,-2,0,0,0,-14,0,-71,-80,-107,-103,-125,-89,-116,-129,-121,-111,-361,-348,-369,-366,-329,-318,-331,-277,-286,-272,-272,-276,-271,-271,-285,-247,-378,-391,-474,-372,-436,-429,-437,-437,-475,-472,-640,-630,-609,-471,-471,-469,-464,-464,-460,-450,-445,-445,-480,-480,-634,-614,-702,-701,-664,-620,-583,0,-605,-543,-620,-609,-860,-840,-12838,-12839,-12835,-12835,-12842,-1202,-29989,-29990,-29990,-29991,-29991,-29992,-29992,-29993,-29993,-29994,-29994,-29995]} 1. c4 e5 2. g3 Nc6 3. Bg2 g6 4. Nc3 Bg7 5. Rb1 Nf6 6. b4 {[%cal Bb2b4,Bb4b5][%mdl 32]} O-O 7. b5 {LiveBook: 19 Games} Nd4 {A25: English Opening vs King's Indian with ...Nc6 but without early d3} (7... Ne7 8. Qb3 c5 9. bxc6 dxc6 10. d3 Nf5 11. Bg5 Nd4 12. Qd1 Qa5 13. Bd2 Qc7 14. Nf3 Bg4 15. Nh4 {0-1 (72) Hodgson,J (2625)-Tiviakov,S (2635) Groningen 1993}) 8. e3 Re8 9. d3 ({Much weaker is} 9. exd4 exd4+ 10. Nce2 d3 $17) 9... Ne6 {[%cal Bd4e6,Be6c5,Bc5d3][%mdl 32] The position is equal.} 10. Nge2 a6 $146 ({Predecessor:} 10... c6 11. O-O d5 12. bxc6 bxc6 13. Ba3 Ng5 14. cxd5 cxd5 15. Nb5 {1-0 (48) Guramishvili,S (2400)-Khomeriki,N (2047) Tbilisi 2014}) 11. b6 cxb6 12. O-O d6 13. Qb3 {[#]} b5 $1 {[%mdl 512]} 14. cxb5 Nc5 15. Qc2 Bf5 $36 {[%mdl 2048] Black has the initiative.} 16. Rd1 e4 17. d4 $1 {[%cal Rd4c5]} Nd3 18. bxa6 bxa6 19. Bd2 Bh6 20. d5 (20. Qb3 $11 {remains equal.}) 20... Rc8 21. Qb3 Ng4 22. Rf1 Bg7 23. h3 Nge5 {And now ...Nf3+ would win.} 24. Nxe4 {[#]} Qd7 $1 25. Qb7 $2 (25. Nd4 $17 Bxe4 26. Bxe4) 25... Bxe4 $19 26. Bxe4 {Black must now prevent Qxd7.} Qxb7 27. Rxb7 {[#]} Nc5 $1 {[%csl LRb7,LRe4][%cal Rc5b7]} 28. Rb4 Nxe4 29. Rxe4 Nf3+ 30. Kg2 Rxe4 ({Much less strong is} 30... Nxd2 31. Rxe8+ Rxe8 32. Rc1 $19) 31. Kxf3 Ra4 {Strongly threatening ...Rc2.} 32. a3 a5 33. Rb1 (33. Bc1 $142) 33... Rxa3 34. Rb6 Be5 35. Ra6 Rc5 36. Nf4 Bxf4 37. gxf4 Rxd5 {[%mdl 4096] Endgame KRR-KRB} 38. Bc1 Rb3 39. Ke2 Kg7 40. e4 Rd4 41. Rxa5 Rxe4+ 42. Be3 Kf6 43. Kf3 Rc4 44. h4 h5 45. Rg5 Ke6 46. Ke2 Rc2+ 47. Kf1 Rb4 48. Kg2 Rb3 49. Kf1 Rcb2 50. f5+ gxf5 51. Rxh5 Ke5 52. Bh6 Ke4 53. Bg7 Rd2 54. Rg5 f4 (54... Rb1+ $142 55. Kg2 Rdd1 56. f3+ Kf4) 55. Rg4 Kf3 {[%cal Rd2d1] Black mates.} 56. Rxf4+ Kxf4 57. Bh6+ Kf3 {[%cal Rd2d1]} 58. Bxd2 Rb1+ 59. Be1 d5 {[%cal Bd6d5,Bd5d4][%mdl 32]} 60. h5 d4 {Precision: White = 39%, Black = 84%.} 0-1

[Event "GEO chT Clubs 2017"]
[Site "Tbilisi"]
[Date "2017.12.01"]
[Round "3"]
[White "Tsatsalashvili, Keti"]
[Black "Imerlishvili, Tamar"]
[Result "1/2-1/2"]
[WhiteElo "2301"]
[BlackElo "1243"]
[Annotator "TA"]
[PlyCount "109"]
[EventDate "2017.??.??"]
[EventCountry "GEO"]
[SourceTitle "playchess.com"]
[Source "ChessBase"]
[SourceQuality "1"]

{[%evp 18,109,20,16,45,0,0,13,3,-31,-4,-4,-4,-4,-4,-37,0,-8,-9,-11,-6,-12,-12,-21,6,6,11,10,14,3,10,16,56,47,78,79,81,89,78,86,92,78,100,77,259,81,120,81,84,80,105,94,127,117,125,91,119,73,115,111,115,101,90,99,361,357,350,350,489,489,450,416,6299,6299,6291,6231,6083,6083,5443,5365,29978,29979,29979,29980,29980,29981,29981,29982,29982,29983,29983,29984,29984,29983]} 1. d4 d5 2. c4 e6 3. Nc3 Nf6 4. Bg5 Be7 5. e3 O-O 6. cxd5 Nxd5 7. Bxe7 Qxe7 8. Bd3 Nd7 9. Rc1 N7f6 10. Nf3 Nxc3 {D60: Queen's Gambit Declined: Classical: Unusual White 7th moves} (10... b6 11. O-O Bb7 12. Nxd5 Bxd5 13. a3 c5 14. dxc5 bxc5 15. Qc2 Rab8 16. e4 c4 17. exd5 cxd3 18. Qxd3 Nxd5 19. b4 Qf6 {½-½ (39) Zvjaginsev,V (2659)-Grachev,B (2683) Khanty-Mansiysk 2013}) 11. bxc3 $146 (11. Rxc3 {with more complications.} b6 12. Qc2 Nd5 13. Bxh7+ Kh8 14. Ra3) ({Predecessor:} 11. Rxc3 Nd5 12. Rc1 Qb4+ 13. Qd2 Qxd2+ 14. Kxd2 c6 15. g4 f6 16. Rhg1 g5 17. Rg3 Kg7 18. Rh1 {1-0 (30) Puetz,L-Harnau,F Ratzeburg 2002}) 11... c5 12. O-O b6 {The position is equal.} 13. e4 cxd4 14. cxd4 Bb7 15. Qe2 Rac8 16. Nd2 Rc7 17. Rxc7 Qxc7 18. Nb3 Rc8 19. Re1 h6 20. f3 a5 21. Rc1 Qd7 22. Rxc8+ Qxc8 23. Qc2 Qxc2 24. Bxc2 $11 {[%mdl 4096] Endgame KBN-KBN} a4 25. Nc1 b5 26. Nd3 Nd7 27. Kf2 Kf8 28. Nb4 Nb8 29. Ke3 Ke7 30. Kd2 Nc6 $2 {[#]} (30... Bc6 $16) 31. Kc3 $2 (31. Nxc6+ $18 Bxc6 32. Kc3) 31... Kd6 32. Bd3 Na7 33. a3 f6 34. Bb1 Nc8 35. Ba2 Ne7 36. Nd3 Bc8 37. Nf4 e5 {[#]} 38. Nh5 $1 exd4+ 39. Kxd4 Nc6+ 40. Kc3 Be6 $2 {[%mdl 8192]} (40... g5 $16) 41. Bxe6 $18 Kxe6 42. Nxg7+ {KN-KN} Ke5 43. Nf5 h5 44. g3 Ke6 (44... Na5 $142 45. Nd4 Nb7 46. Nxb5 h4 47. gxh4 Nd8) 45. Nd4+ Nxd4 46. Kxd4 {KP-KP} Kd6 47. f4 {[%cal Bf3f4,Bf4e5][%mdl 32]} Kc6 48. e5 b4 49. axb4 {White mates.} a3 50. Kc3 fxe5 51. fxe5 a2 52. Kb2 a1=Q+ 53. Kxa1 Kd5 54. Kb2 Kxe5 55. Kb3 {[%mdl 32768] Precision: White = 73%, Black = 33%. . An unexpected result.} 1/2-1/2

[Event "GEO chT Clubs 2017"]
[Site "Tbilisi"]
[Date "2017.12.01"]
[Round "3"]
[White "Gavasheli, Ana"]
[Black "Janiashvili, Mariami"]
[Result "1-0"]
[WhiteElo "2246"]
[BlackElo "1995"]
[Annotator "TA"]
[PlyCount "145"]
[EventDate "2017.??.??"]
[EventCountry "GEO"]
[SourceTitle "playchess.com"]
[Source "ChessBase"]
[SourceQuality "1"]

{[%evp 10,145,10,8,10,10,12,10,20,12,10,12,22,16,11,25,12,15,7,14,90,85,106,59,45,0,0,0,83,0,23,17,64,54,55,35,31,41,36,14,22,0,0,0,54,25,24,3,80,70,66,10,16,15,155,115,116,121,111,116,142,111,169,144,145,134,131,141,181,78,84,74,104,18,9,0,23,8,20,0,78,61,62,63,122,138,124,141,460,450,836,792,1912,1812,2472,3164,5114,4722,4714,184,169,191,409,402,405,404,378,357,316,71,72,70,130,62,111,61,58,14,140,118,136,122,886,711,29968,29970,29963,29965,29979,29980,29980,29981,29981,29982,29982,29981,29982,29982]} 1. d4 d5 2. Nf3 Nf6 3. Bf4 Bf5 4. e3 e6 5. Bd3 Bxd3 6. cxd3 {LiveBook: 11 Games} Be7 {D02: 1 d4 d5 2 Nf3 sidelines, including 2...Nf6 3 g3 and 2...Nf6 3 Bf4} (6... Bd6 7. Bg3 c5 8. dxc5 Bxc5 9. Qb3 Qb6 10. Qxb6 Bxb6 11. Nc3 Nc6 12. Ke2 Nh5 13. Na4 Nxg3+ 14. hxg3 {0-1 (37) Nogueiras Santiago,J (2546)-Ivanchuk,V (2705) Yucatan 2004}) 7. h3 O-O 8. Nc3 c5 $146 {The position is equal.} ({Predecessor:} 8... a6 9. O-O c5 10. dxc5 Bxc5 11. d4 Be7 12. Qb3 b5 13. Rac1 Nbd7 14. a4 {1-0 (48) Lenz,J (905)-Vontina,M (612) LSS email 2014}) 9. dxc5 Bxc5 10. Qb3 b6 (10... Qd7 {keeps more tension.} 11. O-O Nc6 12. Rac1 Rfc8 13. e4 h6) 11. d4 Bd6 12. Bxd6 Qxd6 13. Nb5 $36 {[%mdl 2048] White has good play.} Qe7 14. Rc1 Na6 (14... Nbd7 $11) 15. O-O $16 Qb4 16. Qxb4 Nxb4 17. a3 Nd3 18. Rc2 {Strongly threatening Rd1.} a6 (18... Rfc8 $11 19. Rd2 Nc1) 19. Nc7 ({White should play} 19. Nd6 $16) 19... Rac8 20. Rd1 Nc5 21. Nxd5 $1 exd5 22. dxc5 Rxc5 23. Rcd2 Rfc8 24. Ne5 Rc1 25. Rxc1 Rxc1+ $11 {[%mdl 4096] Endgame KRN-KRN} 26. Kh2 a5 (26... Kf8 $11) 27. f3 Kf8 28. Rd3 Rc7 (28... a4 $11) 29. Rb3 $1 $16 Rb7 30. Nc6 (30. Rb5 $14) 30... Nd7 $1 $11 31. Rb5 Nc5 (31... Rc7 $1 $11 32. Rxd5 Rxc6 33. Rxd7 Rc2) 32. b4 axb4 33. axb4 Ne6 {Threatens to win with ...Nc7.} 34. Rxd5 Rc7 35. b5 g6 (35... Ke8 $16 {might work better.}) 36. e4 Ke8 37. Rd2 Rd7 38. Ra2 {Black must now prevent Ra8+.} Kf8 39. Ra8+ (39. Ra6 $18) 39... Kg7 $16 40. Rb8 {Hoping for Kg3.} Rd2 41. Rxb6 (41. Kg3 $16) 41... Nf4 $11 42. Ne5 Rxg2+ 43. Kh1 {aiming for Rb7.} Rb2 44. Rb7 Kh6 (44... Kf6 $11 45. Nxf7 Nxh3) 45. Nc4 ({Don't play} 45. Nxf7+ Kh5 $11) 45... Rb4 46. Rxf7 Nxh3 {[#]} (46... g5 $14) 47. Nd6 $1 $16 Ng5 48. Rf6 Kh5 $2 {[%mdl 8192]} (48... Kg7 $16 {is tougher.} 49. e5 Rb2) 49. Kg2 $18 h6 (49... Rb3 $142 50. e5 Kh4) 50. Kg3 Nh7 51. Rf7 Ng5 52. Rf4 {[%csl Gg3][%cal Rf4h4]} Ne6 53. Rh4+ Kg5 54. f4+ $2 (54. Nf7+ Kf6 55. e5+ Kxf7 56. Rxb4) 54... Kf6 55. Rxh6 Rb3+ $2 (55... Kg7 {was called for.}) 56. Kg4 Kg7 57. Rh1 Nd4 58. Rd1 Nxb5 59. Nc4 $2 (59. e5 $18 {has better winning chances.}) 59... Rb4 $16 60. Rd7+ Kf6 (60... Kf8 $14) 61. e5+ {[%cal Be4e5,Be5e6][%mdl 32]} Ke6 62. Nb6 {Rg7 is the strong threat.} Rb1 63. Rd5 {Threatening Kg5.} Nc3 (63... Rg1+ $1 $11 {keeps the balance.} 64. Kf3 Rf1+ 65. Ke3 Rb1) 64. Rd6+ Kf7 65. Rc6 Ne2 $2 {[%mdl 8192]} (65... Rb3 $16 66. Nc8 Ne4 67. Nd6+ Nxd6) 66. e6+ $18 Ke8 67. Nd5 {[%cal Rc6c8] White mates.} Rg1+ {[#]} 68. Kh3 $1 {[%cal Rc6c8]} Rc1 69. Rxc1 Nxc1 70. Kg4 Ne2 71. Kg5 Nd4 72. Kf6 Nc6 73. Kxg6 {Precision: White = 51%, Black = 30%.} 1-0